The social discount rate on climate change (Record no. 77056)

MARC details
000 -LEADER
fixed length control field 01474cab a2200241 4500
001 - CONTROL NUMBER
control field ##L133519
008 - FIXED-LENGTH DATA ELEMENTS--GENERAL INFORMATION
fixed length control field 060516n2006 000 0 eng u
035 ## - SYSTEM CONTROL NUMBER
System control number (Sirsi) u133519
041 0# - LANGUAGE CODE
Language code of text/sound track or separate title eng
100 1# - MAIN ENTRY--PERSONAL NAME
Personal name Yu, Marco K. W.
245 04 - TITLE STATEMENT
Title The social discount rate on climate change
Remainder of title a case study of Part L of Schedule 1 of the UK Building Regulations, conservation of fuel and power
260 ## - PUBLICATION, DISTRIBUTION, ETC.
Date of publication, distribution, etc. 2006
490 #0 - SERIES STATEMENT
Series statement Property Management
Volume/sequential designation 24(2) 2006, 144-161(18)
520 ## - SUMMARY, ETC.
Summary, etc. Evaluates the impact of social discount rates (also known as social time preference rates) on the economic significance of carbon dioxide reduction in the benefit-cost analysis of recent amendments of Building Regulations Part L. The benefits are estimated using an integrated-assessment economic model called DICE. Finds that the value of social discount rate is a crucial factor in deciding the economic viability of recent and future amendments to Building Regulations Part L. Graph, tables and references.
590 ## - LOCAL NOTE (RLIN)
Local note IKA230506, KA
650 24 - SUBJECT ADDED ENTRY--TOPICAL TERM
Topical term or geographic name entry element BUILDING REGULATIONS 2000 APPROVED DOCUMENT L1A (2006 EDITION)
650 24 - SUBJECT ADDED ENTRY--TOPICAL TERM
Topical term or geographic name entry element BUILDING REGULATIONS 2000 APPROVED DOCUMENT L1B (2006 EDITION)
650 24 - SUBJECT ADDED ENTRY--TOPICAL TERM
Topical term or geographic name entry element BUILDING REGULATIONS 2000 APPROVED DOCUMENT L2A (2006 EDITION)
650 24 - SUBJECT ADDED ENTRY--TOPICAL TERM
Topical term or geographic name entry element BUILDING REGULATIONS 2000 APPROVED DOCUMENT L2B (2006 EDITION)
651 #4 - SUBJECT ADDED ENTRY--GEOGRAPHIC NAME
Geographic name England and Wales
Chronological subdivision 1543-
690 ## - LOCAL SUBJECT ADDED ENTRY--TOPICAL TERM (OCLC, RLIN)
Topical term or geographic name as entry element ENVIRONMENTAL AND LAND CONSULTANCY-ENERGY-ENERGY USE-ENERGY EFFICIENCY
942 ## - ADDED ENTRY ELEMENTS (KOHA)
Suppress in OPAC 0
Holdings
Withdrawn status Lost status Source of classification or shelving scheme Damaged status Not for loan Home library Current library Shelving location Date acquired Total Checkouts Full call number Barcode Date last seen Copy number Price effective from Koha item type
    Dewey Decimal Classification     London London Journal article 16/05/2006   L133519 133519-1001 06/08/2019 1 06/08/2019 Journal article